01066nam a2200265Ia 4500003000400000005001700004008004100021020001800062040001800080041000800098082002100106100002500127245008300152250001200235260006600247300003400313650004100347650004200388650007200430650004600502700002800548942003000576999001900606952017500625OSt20220624103053.0210716s2008 xx 000 0 und d a9780070601611 cAIMIT LIBRARY aeng a511.42 22bVEET aVeeraajan, T.944889 aNumerical methods: bwith programs in c /cBy T Veerarajan and T Ramachandran. a2nd ed. aNew Delhi :bTata McGraw Hill Publishing Company Ltd ,c2008. axii,11.50,A.6,I.3p. ;c24 cm. aErrors in computer arithmetic944890 aEmpirical relations and curve 944891 aNumerical solutions of algebraic and transcendental equation944892 aInterpolation with equal intervals944893 aRamachandran, T.944894 2ddccBKe2ndk511.42 VEET c189420d189420 00102ddc40708MCAaAIMITbAIMITeHigginbothams Pvt Ltdg225.00iBill no:9192; Bill dt:2009-02-16l0o511.42 VEETpMCA08928r2026-05-23 00:00:00v168.75w2021-07-16yBK